02297nam a2200349 a 450000100060000000300080000600500170001400800410003103500190007204000410009104100080013208200290014024502450016926000390041430000250045349000540047850400180053265000550055065000350060570000310064071101200067183000630079194200120085499900170086695201520088395201520103595201520118795201520133995201520149195201520164395201520179549538BD-RjUL20211209054707.0160821s1970 nyu 000 0 eng d a(BD-RjUL)49657 aNLGGCefobidrtbbdutcNLGGCdBD-RjUL aeng 223a362.707152bREP 197000aReport of the Interregional seminar on the training of professional and voluntary youth leaders :corganized jointly by the United Nations, the United Nations Educational, Scientific and Cultural Organization and the Government of Denmark / aNew York :bUnited Nations,c1970. aiv, 127 p. ;c28 cm.1 aUnited Nations publication: Sales no. E.70.II.H.4 aMet lit. opg. aSocial work with youthxStudy and teaching9148604 aSocial work with youth91469201 aWoods, Dorothea E.91486052 aInterregional seminar on the training of professional and voluntary leadersd(06-10-1969 :cHolte, Denmark)9148606 0aUnited Nations publication: Sales no. E.70.II.H.4.9148607 2ddccBK c49538d49538 00102ddc40708NFICaRUCLbRUCLcStackd1974-09-25eGono prakshani dhakag32.00l0o362.707152 REP 1970r2016-08-21 00:00:00tC-2w2016-08-21yBK 00102ddc40708NFICaRUCLbRUCLcStackd1974-09-25eGono prakshani dhakag32.00l0o362.707152 REP 1970r2016-08-21 00:00:00tC-3w2016-08-21yBK 00102ddc40708NFICaRUCLbRUCLcStackd1974-09-25eGono prakshani dhakag32.00l0o362.707152 REP 1970r2016-08-21 00:00:00tC-4w2016-08-21yBK 00102ddc40708NFICaRUCLbRUCLcStackd1974-09-25eGono prakshani dhakag32.00l0o362.707152 REP 1970r2016-08-21 00:00:00tC-5w2016-08-21yBK 00102ddc40708NFICaRUCLbRUCLcStackd1974-09-25eGono prakshani dhakag32.00l0o362.707152 REP 1970r2016-08-21 00:00:00tC-6w2016-08-21yBK 00102ddc40708NFICaRUCLbRUCLcStackd1974-09-25eGono prakshani dhakag32.00l0o362.707152 REP 1970r2016-08-21 00:00:00tC-7w2016-08-21yBK 00102ddc40708NFICaRUCLbRUCLcStackd1974-09-25eGono prakshani dhakag32.00l0o362.707152 REP 1970r2016-08-21 00:00:00tC-8w2016-08-21yBK